Normal view
MARC view
- SALMAN MEHMOOD KHAN SHERWANI
Entry Personal Name
001 - CONTROL NUMBER
- control field: 69919
003 - CONTROL NUMBER IDENTIFIER
- control field: NUST
005 - DATE AND TIME OF LATEST TRANSACTION
- control field: 20210628204327.0
008 - FIXED-LENGTH DATA ELEMENTS
- fixed length control field: 210628|| aca||aabn | a|a d
040 ## - CATALOGING SOURCE
- Original cataloging agency: NUST
- Transcribing agency: NUST
100 ## - HEADING--PERSONAL NAME
- Personal name: SALMAN MEHMOOD KHAN SHERWANI
670 ## - SOURCE DATA FOUND
- Source citation: Work cat.: (NUST): SALMAN MEHMOOD KHAN SHERWANI , TH-SOF-1334-Decision Support System for Automated Detection of Glaucoma using Digital Fundus Imagery, 2016
